Detalles MARC
| 000 -LEADER |
| campo de control de longitud fija |
03883cam a22005654i 4500 |
| 003 - IDENTIFICADOR DE NÚMERO DE CONTROL |
| campo de control |
PE-LiUPU |
| 005 - FECHA Y HORA DE LA ÚLTIMA TRANSACCIÓN |
| campo de control |
20250731184539.0 |
| 008 - DATOS DE LONGITUD FIJA--INFORMACIÓN GENERAL |
| campo de control de longitud fija |
181219s2014 xxua r 001 0 eng |
| 020 ## - NÚMERO INTERNACIONAL ESTÁNDAR DEL LIBRO |
| Número Internacional Estándar del Libro |
1931745994 |
| 020 ## - NÚMERO INTERNACIONAL ESTÁNDAR DEL LIBRO |
| Número Internacional Estándar del Libro |
9781931745994 |
| 035 ## - NÚMERO DE CONTROL DEL SISTEMA |
| Número de control de sistema |
(Sirsi) a251107 |
| 049 ## - FONDOS LOCALES (OCLC) |
| Biblioteca depositaria |
PRUA |
| 082 04 - NÚMERO DE LA CLASIFICACIÓN DECIMAL DEWEY |
| Número de clasificación |
939.46402 |
| Cutter |
L54 |
| Número de edición |
23 |
| 100 1# - ENTRADA PRINCIPAL--NOMBRE DE PERSONA |
| Nombre de persona |
Levy, Thomas E., |
| Término indicativo de función/relación |
autor. |
| 245 10 - MENCIÓN DEL TÍTULO |
| Título |
New insights into the Iron Age archaeology of Edom, southern Jordan : |
| Resto del título |
surveys, excavations and research from the University of California, San Diego-Department of Antiquities of Jordan, Edom Lowlands Regional Archaeology Project (ELRAP) / |
| Mención de responsabilidad, etc. |
by Thomas E. Levy, Mohammad Najjar, and Erez Ben-Yosef. |
| 264 #1 - PRODUCCIÓN, PUBLICACIÓN, DISTRIBUCIÓN, FABRICACIÓN Y COPYRIGHT |
| Producción, publicación, distribución, fabricación y copyright |
[Los Angeles] : |
| Nombre del de productor, editor, distribuidor, fabricante |
The Cotsen Institute of Archaeology Press, |
| Fecha de producción, publicación, distribución, fabricación o copyright |
2014. |
| 300 ## - DESCRIPCIÓN FÍSICA |
| Extensión |
2 volúmenes : |
| Otras características físicas |
ilustraciones ; |
| Dimensiones |
29 centímetros. |
| 300 ## - DESCRIPCIÓN FÍSICA |
| Extensión |
1 CD-ROM |
| 336 ## - TIPO DE CONTENIDO |
| Término de tipo de contenido |
text |
| Fuente |
rdacontent |
| 337 ## - TIPO DE MEDIO |
| Nombre/término del tipo de medio |
unmediated |
| Fuente |
rdamedia |
| 338 ## - TIPO DE SOPORTE |
| Nombre/término del tipo de soporte |
volume |
| Fuente |
rdacarrier |
| 490 0# - MENCIÓN DE SERIE |
| Mención de serie |
Monumenta archaeologica ; |
| Designación de volumen o secuencia |
35 |
| 504 ## - NOTA DE BIBLIOGRAFÍA, ETC. |
| Nota de bibliografía, etc. |
Bibliografía al final de cada capítulo. |
| 504 ## - NOTA DE BIBLIOGRAFÍA, ETC. |
| Nota de bibliografía, etc. |
Índice: páginas 1003-1034. |
| 505 0# - NOTA DE CONTENIDO CON FORMATO |
| Nota de contenido con formato |
Volumen I, |
| Título |
New insights into the Iron Age archaeology of Edom, southern Jordan: surveys, excavations and research from the University of California, San Diego-Department of Antiquities of Jordan, Edom Lowlands Regional Archaeology Project (ELRAP). |
| Nota de contenido con formato |
The Iron Age Edom lowlands regional archaeology project : Research design and methodology -- Excavations at Khirbat en-Nahas 2002-2009 : An Iron Age copper production center in the lowlands of Edom -- New perspectives on the Iron Age Edom Steppe and Highlands Khirbat al-Malayqtah, Khirbat al-Kur, Khirbat al-Iraq Shmaliya, and Tawilan -- Iron Age Ceramics from Edom: A New Typology -- The Petrography of Iron Age Edom: From the lowlands to the Highlands. |
| 505 0# - NOTA DE CONTENIDO CON FORMATO |
| Nota de contenido con formato |
Volumen II, |
| Título |
New insights into the Iron Age archaeology of Edom, southern Jordan: surveys, excavations and research from the University of California, San Diego-Department of Antiquities of Jordan, Edom Lowlands Regional Archaeology Project (ELRAP). |
| Nota de contenido con formato |
Local Iron Age Trade Routes in Northern Edom : From the Faynan Copper Ore District to the Highlands -- Patterns of Iron Age Mining and Settlement in Jordan's Faynan District : the Wadi al-Jariya survey in context -- Feeding the Iron Age Metalworkers at Khirbat en-Nahas : Zooarchaeological data -- Wadi Fidan 40 and Mortuary Archaeology in the Edom Lowlands -- A pictore of the early and late Iron Age II in the Lowlands -- The Iron Age Egyptian Amulet Assemblage -- New Iron Age excavations at copper production sites, mines, and fortresses in Faynan -- The material culture of Iron Age Copper production in Faynan -- The Iron Age Edomite Script and Language : Methodological Strictures and Preliminary statements -- Conclusion. |
| 526 ## - NOTA DE INFORMACIÓN SOBRE EL PROGRAMA DE ESTUDIO |
| Nombre del programa |
Doctorado En Educación Con Mención En Currículo Y Docencia (A Distancia) |
| 526 ## - NOTA DE INFORMACIÓN SOBRE EL PROGRAMA DE ESTUDIO |
| Nombre del programa |
Doctorado En Educación Con Mención En Currículo Y Docencia (Semipresencial) |
| 526 ## - NOTA DE INFORMACIÓN SOBRE EL PROGRAMA DE ESTUDIO |
| Nombre del programa |
Doctorado En Educación Con Mención En Gestión Educativa (A Distancia) |
| 526 ## - NOTA DE INFORMACIÓN SOBRE EL PROGRAMA DE ESTUDIO |
| Nombre del programa |
Doctorado En Educación Con Mención En Gestión Educativa (Semipresencial) |
| 526 ## - NOTA DE INFORMACIÓN SOBRE EL PROGRAMA DE ESTUDIO |
| Nombre del programa |
Derecho semipresencial |
| 526 ## - NOTA DE INFORMACIÓN SOBRE EL PROGRAMA DE ESTUDIO |
| Nombre del programa |
Derecho presencial |
| 526 ## - NOTA DE INFORMACIÓN SOBRE EL PROGRAMA DE ESTUDIO |
| Nombre del programa |
Maestría en teología histórica |
| 526 ## - NOTA DE INFORMACIÓN SOBRE EL PROGRAMA DE ESTUDIO |
| Nombre del programa |
Teología |
| 526 ## - NOTA DE INFORMACIÓN SOBRE EL PROGRAMA DE ESTUDIO |
| Nombre del programa |
Educación primaria |
| 526 ## - NOTA DE INFORMACIÓN SOBRE EL PROGRAMA DE ESTUDIO |
| Nombre del programa |
Educación secundaria, especialidad lingüística e inglés |
| 526 ## - NOTA DE INFORMACIÓN SOBRE EL PROGRAMA DE ESTUDIO |
| Nombre del programa |
Educación secundaria, especialidad ambiental, biología y química |
| 526 ## - NOTA DE INFORMACIÓN SOBRE EL PROGRAMA DE ESTUDIO |
| Nombre del programa |
Arquitectura |
| 596 ## - |
| -- |
1 |
| 650 04 - PUNTO DE ACCESO ADICIONAL DE MATERIA--TÉRMINO DE MATERIA |
| Término de materia o nombre geográfico como elemento de entrada |
Edad del hierro |
| Subdivisión geográfica |
Edom (Reino) |
| 650 04 - PUNTO DE ACCESO ADICIONAL DE MATERIA--TÉRMINO DE MATERIA |
| Término de materia o nombre geográfico como elemento de entrada |
Arqueología social |
| Subdivisión geográfica |
Jordan |
| -- |
Faynān Wādī. |
| 700 1# - ENTRADA AGREGADA--NOMBRE PERSONAL |
| Nombre de persona |
Najjar, Mohammad, |
| Término indicativo de función/relación |
autor. |
| 700 1# - ENTRADA AGREGADA--NOMBRE PERSONAL |
| Nombre de persona |
Ben-Yosef, Erez, |
| Término indicativo de función/relación |
autor. |
| 910 ## - DATOS DE OPCIÓN DEL USUARIO (OCLC) |
| Datos de opción del usuario |
dbm |
| -- |
sag |
| -- |
sag |
| -- |
20181219 |
| 942 ## - ELEMENTOS DE ENTRADA SECUNDARIOS (KOHA) |
| Fuente del sistema de clasificación o colocación |
Clasificación Decimal Dewey |
| Tipo de ítem Koha |
|
| 994 ## - |
| -- |
C0 |
| -- |
PEPRU |
| 999 ## - NÚMEROS DE CONTROL DE SISTEMA (KOHA) |
| -- |
DEWEY |
| -- |
79423 |
| -- |
2019-11-24 |
| -- |
2021-11-11 |
| -- |
3 |
| -- |
CCODEBUL1 |
| -- |
BUL |
| -- |
10 |
| -- |
135.00 |
| -- |
0 |
| -- |
Y |
| -- |
BOOK |
| -- |
2018-12-19 |
| -- |
TEOLOGIA |
| -- |
P85 |
| -- |
COMPRA |
| -- |
FCOMPR2 |
| -- |
.STAFF. Colección Teología |
| 999 ## - NÚMEROS DE CONTROL DE SISTEMA (KOHA) |
| -- |
DEWEY |
| -- |
79424 |
| -- |
2019-11-13 |
| -- |
2021-11-11 |
| -- |
3 |
| -- |
CCODEBUL1 |
| -- |
BUL |
| -- |
7 |
| -- |
135.00 |
| -- |
0 |
| -- |
Y |
| -- |
BOOK |
| -- |
2018-12-20 |
| -- |
TEOLOGIA |
| -- |
P85 |
| -- |
COMPRA |
| -- |
FCOMPR2 |
| -- |
.STAFF. Colección Teología |
| 980 ## - EQUIVALENCIA O REFERENCIA-CRUZADA-MENCIÓN DE SERIE--NOMBRE DE PERSONA/TÍTULO [LOCAL, CANADÁ] |
| ID del último usuario que modificó el registro |
1 |
| Nombre del último usuario que modificó el registro |
ALBERTO SANCHEZ Responsable de Automatización |